000 02725nam0a2200433 4500
001 RU\NLR\BIBL_A\022105827
005 20250625122724.0
010 _a978-5-4499-3591-5
035 _a(RuMoRGB)012380346
035 _a(NLR Aleph) 022105827
090 _a12761308
_c12761308
100 _a20240111d2023 |||y0rusy50 ca
101 0 _arus
_deng
102 _aRU
105 _aa|||z|||100yy
181 0 _ai
_baxxe
182 0 _an
200 1 _aМатериалы 27-й Российской конференции по холодной трансмутации ядер химических элементов и шаровой молнии, Москва, 3-7 октября 2022 г.
_dProceedings of thw 27-th Russian conference on cold nuclear transmutation of cemical elements and ball lightning, Moscow, October 3-7, 2022
_fРоссийская академия естественных наук [и др.]
_zeng
203 _aТекст
_bвизуальный
_cнепосредственный
210 _aМосква
_c[б. и.]
_d2023
215 _a466 с.
_cил., цв. ил., табл.
_d21
300 _aРез. англ.
300 _aНа обл. также загл.: Проблемы холодной трансмутации ядер химических элементов и шаровой молнии
313 _aПо пред. конф. 2019 г.
320 _aБиблиогр. в конце ст.
510 1 _6z01791
_aProceedings of thw 27-th Russian conference on cold nuclear transmutation of cemical elements and ball lightning, Moscow, October 3-7, 2022
_zeng
512 1 _aПроблемы холодной трансмутации ядер химических элементов и шаровой молнии
606 1 _aАтомное ядро
_jСъезды, совещания и т.п
_xТрансмутация
_92115394
_3RU\NLR\AUTH\661278005
606 1 _aМолния шаровая
_jСъезды, совещания и т.п
_91617029
_3RU\NLR\AUTH\66713116
675 _a539.1(082)
_v4
686 1 _aД236.471.2я431(2)
686 1 _aВ383.2я431(2)
710 1 2 _aРоссийская конференция по холодной трансмутации ядер химических элементов и шаровой молнии
_d27
_eМосква
_f2022
_9874498
_3RU\NLR\AUTH\880602647
791 1 2 _7ba
_8eng
_aRussian conference on cold nuclear transmutation of chemical elements and ball lightning
_d27
_eMoscow
_f2022
_9874499
_3RU\NLR\AUTH\880602648
942 _cBOOK
980 _aNB